Filmy według roku, 2010 – obecnie - Statystyki

Ogólne statystyki
  • Ten quiz został rozwiązany 2 852 razy
    1 005 od ostatniego zresetowania
  • Średni wynik to 10 z 16
Statystyki odpowiedzi
Rok Podpowiedź Odpowiedź % Poprawnych
2017 Film o złym klaunie, który pobił rekord kasowy horrorów. To
89%
2023 Film o lalce z Margot Robbie w roli głównej Barbie
87%
2021 Firma komiksowa odpowiedzialna za cztery najbardziej dochodowe filmy roku Marvel
79%
2014 Piosenka z filmu „Kraina Lodu”, która zdobyła Oscara za najlepszą piosenkę oryginalną. Let it go
78%
2025 Film oparty na grze wideo z Jackiem Blackiem w roli głównej Minecraft
75%
2022 Sequel z Tomem Cruise'em w roli głównej, który pojawił się 36 lat po oryginale Top Gun: Maverick
71%
2020 Film o I wojnie światowej, którego nazwa to rok, który zadebiutował w kinach z niewielką widownią 1917
65%
2018 Piosenkarka, która zadebiutowała jako główna aktorka w filmie „Narodziny gwiazdy”. Lady Gaga
64%
2019 Film superbohaterski, który (na krótko) pobił rekord kasowy wszech czasów Avengers: Koniec gry
63%
2016 Film z kategorią wiekową R, ale dziecinny o superbohaterach z Ryanem Reynoldsem w roli głównej. Deadpool
63%
2010 Film w reżyserii Christophera Nolana o możliwościach ingerowania w ludzki umysł dzięki zaawansowanej technologii umożliwiającej wpływ na sny. Incepcja
62%
2015 Aktor, który zjadł surową wątrobę bizona podczas kręcenia „Zjawy”. Leonardo DiCaprio
61%
2024 Musical z Arianą Grande i Cynthią Erivo w rolach głównych Wicked
61%
2011 Aktorka, która zdobyła swojego trzeciego Oscara (i 17. nominację) za rolę Margaret Thatcher w filmie „Żelazna dama”. Meryl Streep
31%
2013 Aktor wcielający się w „Lincolna”, który zdobył bezprecedensowego trzeciego Oscara dla najlepszego aktora. Daniel Day-Lewis
25%
2012 Broadwayowski remake musicalu z Anne Hathaway i Hugh Jackmanem w rolach głównych. Les Misérables: Nędznicy
24%
Nie znaleziono quizów pasujących do podanych kryteriów
Rozkład punktacji
Procent ludzi z każdym wynikiem
Percentyl według liczby udzielonych odpowiedzi
Twoja historia wyników
Nie rozwiązałeś tego quizu od ostatniego zresetowania